| 000 | 00669nam a2200229 a 4500 | ||
|---|---|---|---|
| 001 | 000023800 | ||
| 005 | 20200930022457.0 | ||
| 008 | 110113s2003 ck 000 0 spa d | ||
| 020 | _a9588136423 | ||
| 040 |
_aDO-SdBNP _bspa _cBNPHU |
||
| 082 |
_a158.12 _bS243c |
||
| 100 | 1 |
_aSaraydarian, H., _948992 |
|
| 245 | 1 | 3 |
_aLa ciencia de la meditación / _cH. Saraydarian. |
| 260 |
_aBogotá : _bSolar, _c2003. |
||
| 300 |
_a390 p. ; _c21 cm. |
||
| 490 | 1 | _aSolar | |
| 500 | _aIncluye referencias bibliográficas y notas al pie de las páginas. | ||
| 650 | 4 |
_aMeditación _9687 |
|
| 650 | 4 |
_aOcultismo _92395 |
|
| 650 | 4 |
_aParapsicología _92394 |
|
| 830 | 0 |
_aSolar _919241 |
|
| 999 |
_c23296 _d23296 |
||